| 000 | 00685nam a22002297a 4500 | ||
|---|---|---|---|
| 005 | 20221029115127.0 | ||
| 008 | 221029b ||||| |||| 00| 0 eng d | ||
| 040 | _cAL | ||
| 041 | _aEnglish | ||
| 082 |
_223 _a954.035 _bBHAS |
||
| 100 |
_aShubhabrata Bhattacharya _960543 |
||
| 245 | _aSubhas Chanddra Bose Pioneer of Indian Planning | ||
| 260 |
_aNew Delhi _bPlanning Commission |
||
| 300 |
_a144 p. _bHB _c22x14.5 cm. |
||
| 650 |
_aSocial policy _960544 |
||
| 650 |
_aBose, Subhas Chandra _960545 |
||
| 650 |
_aEconomic policy _960546 |
||
| 650 |
_aPolitics and government _960547 |
||
| 650 |
_aIndia _960548 |
||
| 700 |
_aBHATTACHARYA (Shubhabrata) _960549 |
||
| 942 |
_2ddc _cGF |
||
| 999 |
_c224954 _d224954 |
||